00556nam a2200145 a 450000100100000000500170001000800410002704000250006811000710009324500420016426000390020630000430024595201050028899900170039300004440420201002045341.0140627s2011 dr acd 000 0 spa d aDO-SdBNPbspacBNPHU2 aCooperativa Nacional de Servicios Multiples de los Maestros96377410aMemorias :bexitos de una gestión/. aSanto Domingo :bCOOPNAMA,c2011 . a90 p. :bil. gráf., retrs. ;c24 cm. 0010718PDaPDbPDcCTd2014-06-27iLF1l0o p44404-10r2020-06-25w2020-06-25yLFPDZNo se presta c43893d43893